Movies Quiz

Random Movies or Director Quiz

Top 1990s Golden Globe Directors Quiz Stats

Quiz not verified by Sporcle

Challenge
Share
Tweet
Embed
Score 0/18 Timer 04:00
0 Plays Today
One of their 1990s films Name of Director % Correct
The Lost World: Jurassic ParkSteven Spielberg
100%
Dances with WolvesKevin Costner
98.5%
Terminator 2: Judgment DayJames Cameron
97.8%
BraveheartMel Gibson
96.3%
Cape FearMartin Scorsese
93.4%
American BeautySam Mendes
91.9%
Any Given SundayOliver Stone
84.6%
Midnight in the Garden of Good and EvilClint Eastwood
75.7%
The Truman ShowPeter Weir
75.7%
One of their 1990s films Name of Director % Correct
A River Runs Through ItRobert Redford
69.9%
The Remains of the DayJames Ivory
69.1%
Death Becomes HerRobert Zemeckis
66.9%
MiseryRob Reiner
66.9%
Man on the MoonMilos Forman
54.4%
The CommitmentsAlan Parker
45.6%
Truly Madly DeeplyAnthony Minghella
41.9%
SleepersBarry Levinson
41.2%
The Gingerbread ManRobert Altman
32.4%

You're not logged in!

Compare scores with friends on all Sporcle quizzes.
Join for Free
OR
Log In

You Might Also Like...

Show Comments

Extras

Top Quizzes Today


Score Distribution

Your Account Isn't Verified!

In order to create a playlist on Sporcle, you need to verify the email address you used during registration. Go to your Sporcle Settings to finish the process.

Report this User

Report this user for behavior that violates our Community Guidelines.

Details: